[Event "Bad Godesberg op 16th"]
[Site "Bad Godesberg"]
[Date "2012.07.14"]
[Round "8"]
[White "Hornischer, Josef Gottfried"]
[Black "Lazarov, Alexander"]
[Result "1/2-1/2"]
[WhiteElo "1918"]
[BlackElo "2224"]
[PlyCount "49"]
[EventDate "2012.07.07"]
[EventType "swiss"]
[EventRounds "9"]
[EventCountry "GER"]
[SourceTitle "CBM 149 Extra"]
[Source "ChessBase"]
[SourceDate "2012.08.24"]
[SourceVersion "1"]
[SourceVersionDate "2012.08.24"]
[SourceQuality "1"]

1. e4 c6 2. d4 d5 3. Nd2 dxe4 4. Nxe4 Bf5 5. Ng3 Bg6 6. h4 h6 7. Nf3 Nd7 8. h5 Bh7 9. Bd3 Bxd3 10. Qxd3 e6 11. Bd2 Ngf6 12. 0-0-0 Qc7 13. Qe2 0-0-0 14. Ne5 Nb6 15. Rh4 Bd6 16. Ba5 Bxe5 17. dxe5 Rxd1+ 18. Kxd1 Qd8+ 19. Kc1 Nfd5 20. Rg4 Qf8 21. Ne4 g5 22. Nd6+ Kb8 23. c4 Nf4 24. Qe3 f5 25. Rg3 1/2-1/2

[Event "Bad Godesberg op 16th"]
[Site "Bad Godesberg"]
[Date "2012.07.13"]
[Round "7"]
[White "Lazarov, Alexander"]
[Black "Spreemann, Ralf"]
[Result "0-1"]
[WhiteElo "2224"]
[BlackElo "2026"]
[PlyCount "32"]
[EventDate "2012.07.07"]
[EventType "swiss"]
[EventRounds "9"]
[EventCountry "GER"]
[SourceTitle "CBM 149 Extra"]
[Source "ChessBase"]
[SourceDate "2012.08.24"]
[SourceVersion "1"]
[SourceVersionDate "2012.08.24"]
[SourceQuality "1"]

1. e4 c6 2. f4 d5 3. Nf3 Bg4 4. e5 e6 5. Be2 Nh6 6. 0-0 Be7 7. d4 Nf5 8. b3 Qb6 9. c3 c5 10. dxc5 Bxc5+ 11. Kh1 Nc6 12. Nd4 h5 13. Bxg4 Ng3+ 14. hxg3 hxg4+ 15. Kg1 Nxd4 16. Kf2 Nxb3+ 0-1

[Event "Rheinland Pfalz op 4th"]
[Site "Altenkirchen"]
[Date "2012.06.08"]
[Round "3"]
[White "Froembgen, Andreas"]
[Black "Lazarov, Alexander"]
[Result "1-0"]
[WhiteElo "2005"]
[BlackElo "1734"]
[PlyCount "91"]
[EventDate "2012.06.07"]
[EventType "swiss"]
[EventRounds "7"]
[EventCountry "GER"]
[SourceTitle "CBM 148 Extra"]
[Source "ChessBase"]
[SourceDate "2012.06.22"]
[SourceVersion "1"]
[SourceVersionDate "2012.06.22"]
[SourceQuality "1"]

1. c4 c6 2. g3 d5 3. cxd5 cxd5 4. d4 Nc6 5. Bg2 Nf6 6. Nc3 e6 7. Bg5 Be7 8. e3 h6 9. Bxf6 Bxf6 10. Nge2 0-0 11. 0-0 Bd7 12. Rc1 Rc8 13. Nf4 a6 14. Nd3 b6 15. Qd2 Rc7 16. f4 Qb8 17. f5 Rfc8 18. fxe6 fxe6 19. Nf4 Na7 20. Bh3 Re8 21. Qd3 Bc8 22. Qg6 Rce7 23. Nce2 Qd6 24. Nh5 Bg5 25. Nef4 Bd7 26. Rf3 Nc8 27. Rcf1 Rf8 28. Qc2 Ref7 29. Kg2 Ne7 30. Ng6 Rxf3 31. Rxf3 Rxf3 32. Kxf3 Nxg6 33. Qxg6 Qf8+ 34. Nf4 Bxf4 35. Bxe6+ Bxe6 36. Qxe6+ Qf7 37. Qxf7+ Kxf7 38. Kxf4 Kf6 39. e4 dxe4 40. Kxe4 Ke6 41. h4 g6 42. g4 h5 43. gxh5 gxh5 44. Kf4 Kd5 45. Kg5 Kxd4 46. Kxh5 1-0

[Event "FICGS class E 000126 email"]
[Site "FICGS email"]
[Date "2010.07.14"]
[Round "1"]
[White "Lazarov, Alexander"]
[Black "Mukherjee, Deepankar"]
[Result "0-1"]
[WhiteElo "1224"]
[BlackElo "1367"]
[PlyCount "32"]
[EventDate "2010.??.??"]
[EventType "tourn (corr)"]
[EventRounds "6"]
[SourceTitle "Corr 2013"]
[Source "ChessBase"]
[SourceDate "2012.11.12"]
[SourceVersion "1"]
[SourceVersionDate "2012.11.12"]
[SourceQuality "1"]

1. e4 e5 2. Nf3 Nc6 3. Bb5 a6 4. Ba4 Nf6 5. d3 d6 6. h3 Bd7 7. c3 Be7 8. Be3 0-0 9. 0-0 b5 10. Bc2 Re8 11. Re1 d5 12. exd5 Nxd5 13. Nbd2 Nxe3 14. Rxe3 Bc5 15. Re1 f6 16. d4 exd4 0-1

[Event "BUL-chT-B 60th"]
[Site "Albena"]
[Date "2010.05.30"]
[Round "5.5"]
[White "Bojchev, Marian"]
[Black "Lazarov, Alexander"]
[Result "1-0"]
[WhiteElo "2389"]
[BlackElo "2235"]
[PlyCount "87"]
[EventDate "2010.05.27"]
[EventType "team-tourn"]
[EventRounds "9"]
[EventCountry "BUL"]
[SourceTitle "CBM 136 Extra"]
[Source "ChessBase"]
[SourceDate "2010.07.02"]
[SourceVersion "2"]
[SourceVersionDate "2010.07.15"]
[SourceQuality "1"]
[WhiteTeam "Abritus"]
[BlackTeam "Sofia Slavia"]
[WhiteTeamCountry "BUL"]
[BlackTeamCountry "BUL"]

1. d4 Nf6 2. c4 d6 3. Nc3 Nbd7 4. e4 e5 5. d5 Be7 6. Be3 0-0 7. f3 Nh5 8. Qd2 a6 9. Bd3 Nf4 10. Bc2 Nb6 11. b3 h6 12. g3 Ng6 13. h4 Re8 14. Nh3 Bxh3 15. Rxh3 Nd7 16. 0-0-0 b5 17. Qe2 b4 18. Na4 Qc8 19. Rh2 a5 20. Qf2 Nf6 21. Kb2 Rb8 22. c5 Nd7 23. c6 Nf6 24. Bd3 Bf8 25. Bd2 Ne7 26. Qe1 g6 27. g4 Bg7 28. Kb1 h5 29. g5 Nh7 30. Bc4 Rf8 31. Qe2 f6 32. Kc2 fxg5 33. hxg5 Qd8 34. Qg2 Rf7 35. Kb2 Nc8 36. a3 Bf8 37. axb4 axb4 38. Rg1 Bg7 39. Bd3 Na7 40. Rxh5 gxh5 41. g6 Bf6 42. gxf7+ Kxf7 43. Qh3 Kf8 44. Bg5 1-0

[Event "BUL-chT-B 60th"]
[Site "Albena"]
[Date "2010.05.30"]
[Round "6.2"]
[White "Lazarov, Alexander"]
[Black "Dimov, Kiril"]
[Result "1/2-1/2"]
[WhiteElo "2235"]
[BlackElo "2196"]
[PlyCount "63"]
[EventDate "2010.05.27"]
[EventType "team-tourn"]
[EventRounds "9"]
[EventCountry "BUL"]
[SourceTitle "CBM 136 Extra"]
[Source "ChessBase"]
[SourceDate "2010.07.02"]
[SourceVersion "2"]
[SourceVersionDate "2010.07.15"]
[SourceQuality "1"]
[WhiteTeam "Sofia Slavia"]
[BlackTeam "Pazardzhik"]
[WhiteTeamCountry "BUL"]
[BlackTeamCountry "BUL"]

1. Nf3 Nf6 2. g3 g6 3. Bg2 Bg7 4. 0-0 0-0 5. d3 c5 6. e4 d6 7. h3 Nc6 8. c3 Bd7 9. Bg5 h6 10. Be3 a6 11. a4 Rb8 12. Nbd2 b5 13. axb5 axb5 14. Qc2 b4 15. d4 bxc3 16. bxc3 cxd4 17. cxd4 Nb4 18. Qc3 Qc8 19. Rfc1 Qxc3 20. Rxc3 Rfc8 21. Rac1 Kf8 22. Rxc8+ Rxc8 23. Rxc8+ Bxc8 24. Ne1 Ba6 25. Bf1 Bxf1 26. Kxf1 Ke8 27. Ke2 Kd7 28. g4 Ne8 29. Nb3 Nc7 30. Nd3 Nc2 31. Kd2 Nxe3 32. Kxe3 1/2-1/2

[Event "BUL-chT-B 60th"]
[Site "Albena"]
[Date "2010.05.29"]
[Round "4.1"]
[White "Lazarov, Alexander"]
[Black "Ivelinov, Hristo"]
[Result "1/2-1/2"]
[WhiteElo "2235"]
[BlackElo "2227"]
[PlyCount "102"]
[EventDate "2010.05.27"]
[EventType "team-tourn"]
[EventRounds "9"]
[EventCountry "BUL"]
[SourceTitle "CBM 136 Extra"]
[Source "ChessBase"]
[SourceDate "2010.07.02"]
[SourceVersion "2"]
[SourceVersionDate "2010.07.15"]
[SourceQuality "1"]
[WhiteTeam "Sofia Slavia"]
[BlackTeam "Jambol Tundja"]
[WhiteTeamCountry "BUL"]
[BlackTeamCountry "BUL"]

1. e4 e5 2. Nf3 Nc6 3. Bb5 a6 4. Bxc6 dxc6 5. 0-0 Ne7 6. d4 Bg4 7. dxe5 Qxd1 8. Rxd1 Ng6 9. Be3 Bxf3 10. gxf3 Nxe5 11. Kg2 Nc4 12. b3 Nxe3+ 13. fxe3 Bc5 14. Kf2 0-0 15. Nc3 Rae8 16. Rd3 f5 17. Ke2 f4 18. exf4 Rxf4 19. Rh1 Bd6 20. Nd1 Re5 21. Ne3 b5 22. h3 g6 23. Ng2 Rf7 24. h4 Rc5 25. Kd1 Bf8 26. Rh3 Bh6 27. Rg3 b4 28. Rg4 Ra5 29. f4 Rxa2 30. h5 Ra1+ 31. Ke2 Rc1 32. hxg6 hxg6 33. Rxg6+ Rg7 34. Rxg7+ Bxg7 35. Ne3 c5 36. Rd1 Rxd1 37. Nxd1 c4 38. Ne3 cxb3 39. cxb3 Bh6 40. Nd5 a5 41. Nxc7 Bxf4 42. Nd5 Bg5 43. Kd3 Kf7 44. Nb6 Ke6 45. Nc4 Bd8 46. Kd4 Bf6+ 47. Kc5 a4 48. bxa4 b3 49. a5 b2 50. Nxb2 Bxb2 51. a6 Ke5 1/2-1/2

[Event "BUL-chT-B 60th"]
[Site "Albena"]
[Date "2010.05.28"]
[Round "2.2"]
[White "Delchev, Petar"]
[Black "Lazarov, Alexander"]
[Result "0-1"]
[WhiteElo "2260"]
[BlackElo "2235"]
[PlyCount "66"]
[EventDate "2010.05.27"]
[EventType "team-tourn"]
[EventRounds "9"]
[EventCountry "BUL"]
[SourceTitle "CBM 136 Extra"]
[Source "ChessBase"]
[SourceDate "2010.07.02"]
[SourceVersion "2"]
[SourceVersionDate "2010.07.15"]
[SourceQuality "1"]
[WhiteTeam "Dobrich Energiya 21"]
[BlackTeam "Sofia Slavia"]
[WhiteTeamCountry "BUL"]
[BlackTeamCountry "BUL"]

1. e4 c5 2. Nf3 Nc6 3. Bb5 g6 4. Bxc6 dxc6 5. h3 Bg7 6. d3 Nf6 7. Nc3 0-0 8. Be3 b6 9. Qd2 Re8 10. Bh6 Bh8 11. h4 Nh5 12. Nh2 e5 13. g3 Be6 14. b3 Qd6 15. Ne2 b5 16. g4 Nf6 17. f3 c4 18. dxc4 Qxd2+ 19. Kxd2 bxc4 20. Kc3 cxb3 21. axb3 a5 22. Ra3 Ra6 23. Rha1 Rea8 24. Kb2 Nd7 25. Bd2 Bf6 26. Rxa5 Rxa5 27. Rxa5 Rxa5 28. Bxa5 Bxh4 29. Bd2 h5 30. Be3 hxg4 31. fxg4 Nf6 32. g5 Nxe4 33. Nf3 Bg4 0-1

[Event "FICGS theme 0000 email"]
[Site "FICGS email"]
[Date "2009.11.08"]
[Round "1"]
[White "Neil, Charles"]
[Black "Lazarov, Alexander"]
[Result "1-0"]
[WhiteElo "1157"]
[BlackElo "1387"]
[PlyCount "35"]
[EventDate "2009.??.??"]
[EventType "swiss (corr)"]
[EventRounds "1"]
[SourceTitle "Corr 2022"]
[Source "ChessBase"]
[SourceDate "2021.10.24"]
[SourceVersion "1"]
[SourceVersionDate "2021.10.24"]
[SourceQuality "1"]

1. e4 c6 2. d4 d5 3. exd5 cxd5 4. c4 Nf6 5. Nc3 Nc6 6. Bg5 Ne4 7. Nxe4 dxe4 8. d5 Ne5 9. Be2 Qb6 10. Qc2 Bf5 11. Be3 Qg6 12. g3 Nd3+ 13. Bxd3 exd3 14. Qd2 e5 15. Nf3 Be4 16. 0-0-0 Bxf3 17. Rhg1 Bxd1 18. Rxd1 1-0

[Event "BUL-chT2"]
[Site "Sunny Beach"]
[Date "2009.06.14"]
[Round "7.2"]
[White "Galunov, Todor"]
[Black "Lazarov, Alexander"]
[Result "1-0"]
[WhiteElo "2312"]
[BlackElo "2248"]
[PlyCount "81"]
[EventDate "2009.06.08"]
[EventType "team-swiss"]
[EventRounds "7"]
[EventCountry "BUL"]
[SourceTitle "CBM 130 Extra"]
[Source "ChessBase"]
[SourceDate "2009.07.02"]
[SourceVersion "2"]
[SourceVersionDate "2009.07.15"]
[SourceQuality "1"]

1. Nf3 Nf6 2. c4 d6 3. g3 e5 4. Bg2 Be7 5. 0-0 0-0 6. d4 Nbd7 7. Nc3 c6 8. e4 Re8 9. h3 Bf8 10. Be3 b6 11. Qc2 Bb7 12. Rfd1 Rc8 13. a3 Qe7 14. Rac1 g6 15. b4 Bg7 16. Qb3 exd4 17. Nxd4 a6 18. Nde2 b5 19. cxb5 axb5 20. a4 bxa4 21. Qxa4 Ne5 22. Qb3 Ba6 23. Ra1 Bc4 24. Qc2 Be6 25. Ra7 Nfd7 26. Bd4 Ra8 27. Rda1 Rxa7 28. Rxa7 Rb8 29. Qa4 c5 30. bxc5 dxc5 31. Bxe5 Bxe5 32. Nd5 Qd8 33. Nef4 Bxf4 34. Nxf4 Nf8 35. Nd5 Bxd5 36. exd5 Rb1+ 37. Kh2 Qf6 38. Qc2 Rb2 39. Qxc5 Qxf2 40. Qxf2 Rxf2 41. g4 1-0

[Event "FICGS class D 000124 email"]
[Site "FICGS email"]
[Date "2009.06.14"]
[Round "1"]
[White "Lazarov, Alexander"]
[Black "Baha, Karina"]
[Result "0-1"]
[WhiteElo "1540"]
[BlackElo "1800"]
[PlyCount "24"]
[EventDate "2009.??.??"]
[EventType "tourn (corr)"]
[EventRounds "6"]
[SourceTitle "Corr 2022"]
[Source "ChessBase"]
[SourceDate "2021.10.24"]
[SourceVersion "1"]
[SourceVersionDate "2021.10.24"]
[SourceQuality "1"]

1. e4 c5 2. Nf3 e6 3. d4 cxd4 4. Nxd4 a6 5. c4 Nf6 6. Nc3 Bb4 7. Bd3 Nc6 8. Nc2 Bxc3+ 9. bxc3 d5 10. cxd5 exd5 11. exd5 Qxd5 12. Qe2+ Be6 0-1

[Event "FICGS class D 000124 email"]
[Site "FICGS email"]
[Date "2009.06.14"]
[Round "1"]
[White "Price, Eric A Sr"]
[Black "Lazarov, Alexander"]
[Result "1-0"]
[WhiteElo "1631"]
[BlackElo "1540"]
[PlyCount "27"]
[EventDate "2009.??.??"]
[EventType "tourn (corr)"]
[EventRounds "6"]
[SourceTitle "Corr 2022"]
[Source "ChessBase"]
[SourceDate "2021.10.24"]
[SourceVersion "1"]
[SourceVersionDate "2021.10.24"]
[SourceQuality "1"]

1. e4 c5 2. Nf3 d6 3. d4 cxd4 4. Nxd4 Nf6 5. Nc3 g6 6. Be3 Bg7 7. f3 Nc6 8. Qd2 0-0 9. Bc4 Bd7 10. 0-0-0 Rb8 11. g4 b5 12. Bb3 Ne5 13. Qe2 Nfxg4 14. Rdg1 1-0

[Event "BUL-chT2"]
[Site "Sunny Beach"]
[Date "2009.06.11"]
[Round "4.5"]
[White "Lazarov, Alexander"]
[Black "Lazarov, Rosen"]
[Result "1-0"]
[WhiteElo "2248"]
[BlackElo "2198"]
[PlyCount "98"]
[EventDate "2009.06.08"]
[EventType "team-swiss"]
[EventRounds "7"]
[EventCountry "BUL"]
[SourceTitle "CBM 130 Extra"]
[Source "ChessBase"]
[SourceDate "2009.07.02"]
[SourceVersion "2"]
[SourceVersionDate "2009.07.15"]
[SourceQuality "1"]

1. e4 d5 2. exd5 Qxd5 3. Nc3 Qa5 4. Nf3 Nf6 5. Be2 Bg4 6. 0-0 Nc6 7. a3 e6 8. h3 Bh5 9. d3 Bd6 10. Bd2 Ne5 11. Ne4 Qd5 12. Nxd6+ Qxd6 13. Nxe5 Qxe5 14. g4 Bg6 15. Bf3 c6 16. Re1 Qc7 17. Bc3 Qf4 18. Be5 Qg5 19. Bg3 Qc5 20. b4 Qb6 21. Qd2 h5 22. g5 h4 23. Be5 Nd7 24. Bc3 Bf5 25. Kh2 f6 26. Be4 Bxe4 27. Rxe4 e5 28. f4 0-0-0 29. fxe5 fxe5 30. Rf1 Rdf8 31. Rxf8+ Rxf8 32. Rxh4 Qd8 33. Re4 Qe7 34. Qe3 Qf7 35. Qe2 Qd5 36. Kg3 Rf5 37. h4 g6 38. d4 exd4 39. Rxd4 Qf7 40. Re4 Qa2 41. Qd3 Rd5 42. Bd4 Qb1 43. Kg2 a5 44. Re8+ Kc7 45. Qg3+ Rd6 46. Re6 Qxc2+ 47. Bf2 Qd2 48. Qxd6+ Qxd6 49. Bg3 Qxg3+ 1-0

[Event "Serpukhov-H"]
[Site "Serpukhov"]
[Date "2003.??.??"]
[Round "1"]
[White "Lazarov, Alexander"]
[Black "Karnaukhova, Elmira"]
[Result "1/2-1/2"]
[WhiteElo "2275"]
[BlackElo "2245"]
[PlyCount "118"]
[EventDate "2003.??.??"]
[EventType "tourn"]
[EventRounds "11"]
[EventCountry "RUS"]
[EventCategory "2"]
[SourceTitle "EXT 2005"]
[Source "ChessBase"]
[SourceDate "2004.11.15"]
[SourceVersion "1"]
[SourceVersionDate "2004.11.15"]
[SourceQuality "1"]

1. Nf3 c5 2. c4 Nc6 3. Nc3 g6 4. g3 Bg7 5. Bg2 e6 6. 0-0 Nge7 7. d4 cxd4 8. Nb5 0-0 9. Nfxd4 d5 10. cxd5 Nxd4 11. Nxd4 Nxd5 12. Nb3 a5 13. e4 Nb4 14. Qxd8 Rxd8 15. Bg5 Re8 16. Bd2 Bxb2 17. Rab1 Bg7 18. a3 Nc6 19. Nc5 Rb8 20. e5 Bxe5 21. Nxb7 Bxb7 22. Rxb7 Rxb7 23. Bxc6 Rb2 24. Bxe8 Rxd2 25. f4 Bd4+ 26. Kh1 h5 27. Bb5 h4 28. gxh4 Bf6 29. Rc1 Bxh4 30. Rc7 Bd8 31. Rb7 Kf8 32. Rb8 Kg7 33. Rb7 Rc2 34. Ba4 Rc7 35. Rb8 Rc1+ 36. Kg2 Bc7 37. Ra8 Rc4 38. Bb3 Rc3 39. Rc8 Kf6 40. Ba4 Kf5 41. Be8 f6 42. Bd7 Kxf4 43. Bxe6 Rc2+ 44. Kf1 Ke3 45. h4 Rf2+ 46. Kg1 Bh2+ 47. Kh1 Be5 48. Rg8 Rh2+ 49. Kg1 Rxh4 50. Rxg6 Ra4 51. Rh6 Bb2 52. Rh2 Bxa3 53. Ra2 Kd3 54. Kg2 Ke4 55. Bd7 Rd4 56. Bc6+ Kf4 57. Rxa3 Rc4 58. Bd7 Rc2+ 59. Kh3 Rc5 1/2-1/2

[Event "Serpukhov-H"]
[Site "Serpukhov"]
[Date "2003.??.??"]
[Round "7"]
[White "Lazarov, Alexander"]
[Black "Kornilov, Ivan"]
[Result "0-1"]
[WhiteElo "2275"]
[BlackElo "2371"]
[PlyCount "52"]
[EventDate "2003.??.??"]
[EventType "tourn"]
[EventRounds "11"]
[EventCountry "RUS"]
[EventCategory "2"]
[SourceTitle "EXT 2005"]
[Source "ChessBase"]
[SourceDate "2004.11.15"]
[SourceVersion "1"]
[SourceVersionDate "2004.11.15"]
[SourceQuality "1"]

1. c4 c6 2. e4 d5 3. exd5 cxd5 4. cxd5 Nf6 5. Nc3 Nxd5 6. Nf3 Nc6 7. d4 e6 8. Bd3 Be7 9. 0-0 0-0 10. Re1 Nf6 11. a3 a6 12. Bc2 b5 13. Qd3 Bb7 14. Bg5 g6 15. Rad1 Rc8 16. b4 Qc7 17. Bxf6 Bxf6 18. Ne4 Bg7 19. Nc5 Rfd8 20. Ng5 Nxd4 21. Qh3 h6 22. Rxd4 Rxd4 23. Bxg6 hxg5 24. Nxe6 fxe6 25. Qxe6+ Kh8 26. Qe2 Rh4 0-1

[Event "Serpukhov-H"]
[Site "Serpukhov"]
[Date "2003.??.??"]
[Round "5"]
[White "Lazarov, Alexander"]
[Black "Novichkov, Vadim"]
[Result "1/2-1/2"]
[WhiteElo "2275"]
[BlackElo "2420"]
[PlyCount "127"]
[EventDate "2003.??.??"]
[EventType "tourn"]
[EventRounds "11"]
[EventCountry "RUS"]
[EventCategory "2"]
[SourceTitle "EXT 2005"]
[Source "ChessBase"]
[SourceDate "2004.11.15"]
[SourceVersion "1"]
[SourceVersionDate "2004.11.15"]
[SourceQuality "1"]

1. e4 e6 2. d4 d5 3. Nd2 Nf6 4. e5 Nfd7 5. Bd3 c5 6. c3 Nc6 7. Ne2 f6 8. exf6 Nxf6 9. 0-0 Bd6 10. Nf3 0-0 11. Bg5 c4 12. Bc2 b5 13. Bh4 Qc7 14. Bg3 Rb8 15. Bxd6 Qxd6 16. a3 a5 17. Re1 Bd7 18. Ng3 Qf4 19. Qd2 Qxd2 20. Nxd2 b4 21. axb4 axb4 22. Ba4 bxc3 23. bxc3 Rb2 24. Nf3 Ra8 25. Bxc6 Rxa1 26. Rxa1 Bxc6 27. Ne5 Bb7 28. f3 Kf8 29. Kf1 Ke7 30. Ne2 g5 31. Kf2 h5 32. Ra7 Ne8 33. h4 gxh4 34. Ng6+ Kf6 35. Nxh4 Nd6 36. Ke3 Nc8 37. Ra1 Nd6 38. Rc1 Bc6 39. Ra1 Be8 40. Ra6 Nb5 41. f4 Nc7 42. Ra7 Nb5 43. Ra8 Bf7 44. Nf3 Bg6 45. Ne5 Bf5 46. Rf8+ Ke7 47. Rg8 Rc2 48. Rg7+ Kf8 49. Rf7+ Ke8 50. Ng3 Rxc3+ 51. Kf2 Rxg3 52. Kxg3 c3 53. Rb7 Nxd4 54. Rb8+ Ke7 55. Rb7+ Kd6 56. Kf2 c2 57. Rd7+ Kc5 58. Rc7+ Kb4 59. Nc6+ Nxc6 60. Rxc6 d4 61. Ke2 d3+ 62. Kd2 Kb3 63. g3 Kb2 64. Rc3 1/2-1/2

[Event "Serpukhov-H"]
[Site "Serpukhov"]
[Date "2003.??.??"]
[Round "6"]
[White "Sitnikov, Anton"]
[Black "Lazarov, Alexander"]
[Result "0-1"]
[WhiteElo "2353"]
[BlackElo "2275"]
[PlyCount "60"]
[EventDate "2003.??.??"]
[EventType "tourn"]
[EventRounds "11"]
[EventCountry "RUS"]
[EventCategory "2"]
[SourceTitle "EXT 2005"]
[Source "ChessBase"]
[SourceDate "2004.11.15"]
[SourceVersion "1"]
[SourceVersionDate "2004.11.15"]
[SourceQuality "1"]

1. e4 c6 2. d4 d5 3. e5 Bf5 4. Nd2 e6 5. Nb3 Ne7 6. Nf3 Bg4 7. Be2 Nf5 8. 0-0 Nd7 9. c3 h5 10. h3 Bxf3 11. Bxf3 h4 12. Bg4 g6 13. Be2 Qb6 14. Bg5 Bg7 15. Bd3 Rh5 16. Qg4 Bxe5 17. Bxf5 exf5 18. Qe2 Rxg5 19. f4 Rg3 20. fxe5 0-0-0 21. Rf4 Rh8 22. e6 fxe6 23. Qxe6 Qc7 24. Nc5 b6 25. Nxd7 Qxd7 26. Qf6 Re8 27. Qxh4 Re2 28. Qh8+ Qd8 29. Qh7 Rgxg2+ 30. Kh1 Rh2+ 0-1

[Event "RUS-ch sf"]
[Site "Krasnodar"]
[Date "1997.??.??"]
[Round "?"]
[White "Bragin, Alexander"]
[Black "Lazarov, Alexander"]
[Result "1/2-1/2"]
[WhiteElo "2395"]
[BlackElo "2290"]
[PlyCount "124"]
[EventDate "1997.??.??"]
[EventType "swiss"]
[EventRounds "9"]
[EventCountry "RUS"]
[SourceTitle "EXT 2000"]
[Source "ChessBase"]
[SourceDate "1999.11.16"]
[SourceVersion "1"]
[SourceVersionDate "1999.11.16"]
[SourceQuality "1"]

1. e4 c5 2. Nf3 Nc6 3. d4 cxd4 4. Nxd4 Nf6 5. Nc3 d6 6. Bc4 Qb6 7. Nb3 e6 8. Be3 Qc7 9. f4 Be7 10. Bd3 0-0 11. Qf3 a6 12. a4 b6 13. 0-0 Bb7 14. Qh3 e5 15. Nd5 Qc8 16. Qxc8 Raxc8 17. Nxb6 Rc7 18. c3 exf4 19. Rxf4 Ne5 20. Bc2 Nfg4 21. Bd4 Bg5 22. Rf5 Be3+ 23. Kh1 Bxd4 24. Nxd4 Ne3 25. Rf4 Nxc2 26. Nxc2 Nd3 27. Rf3 Nxb2 28. Rb1 Bxe4 29. Rxb2 Bxf3 30. gxf3 Rxc3 31. Kg2 a5 32. Nd4 Rb8 33. Rb5 h5 34. Kg3 Rc5 35. Rb3 Rc7 36. Rb5 Rc5 37. Rb3 f6 38. Kf4 Kf7 39. Ke4 g5 40. Kd3 d5 41. Rb1 g4 42. Rb3 Kg6 43. Ke3 Re8+ 44. Kf4 gxf3 45. Kxf3 Re4 46. Rd3 f5 47. Ne2 Kg5 48. Nxd5 Rxa4 49. Ndf4 Rc6 50. Rd8 Ra3+ 51. Kf2 Rc4 52. Rg8+ Kf6 53. Nxh5+ Ke5 54. Re8+ Kd6 55. Nhf4 a4 56. Re6+ Kd7 57. Re5 Ra2 58. Rxf5 a3 59. Ke3 Rb2 60. Ra5 a2 61. Nd3 Rxe2+ 62. Kxe2 Rc2+ 1/2-1/2

[Event "RUS-ch sf"]
[Site "Krasnodar"]
[Date "1997.??.??"]
[Round "?"]
[White "Lazarov, Alexander"]
[Black "Savenko, Alexei"]
[Result "1-0"]
[WhiteElo "2290"]
[BlackElo "2255"]
[PlyCount "75"]
[EventDate "1997.??.??"]
[EventType "swiss"]
[EventRounds "9"]
[EventCountry "RUS"]
[SourceTitle "EXT 2000"]
[Source "ChessBase"]
[SourceDate "1999.11.16"]
[SourceVersion "1"]
[SourceVersionDate "1999.11.16"]
[SourceQuality "1"]

1. Nf3 Nf6 2. c4 c5 3. Nc3 Nc6 4. g3 e5 5. Bg2 d6 6. 0-0 Be7 7. a3 0-0 8. Rb1 Be6 9. d3 h6 10. b4 e4 11. dxe4 cxb4 12. axb4 Bxc4 13. Nh4 Re8 14. Nf5 Bf8 15. Bf4 Ne5 16. Qd4 Be6 17. Rfd1 Nc6 18. Qd2 Bxf5 19. exf5 Qc8 20. e4 Ne5 21. Rbc1 Nc4 22. Qd4 a6 23. Nd5 Nxd5 24. Qxd5 b5 25. Bf1 Ra7 26. Bxc4 bxc4 27. Rxc4 Rc7 28. Rdc1 Rxc4 29. Rxc4 Qb8 30. Kg2 Rd8 31. g4 Be7 32. Qc6 Bg5 33. Bg3 Bd2 34. Qxa6 Bxb4 35. Rc6 Be1 36. Rxd6 Rf8 37. Rd1 Qb4 38. Qe2 1-0